Culture Générale - Série 1699 - Statistiques

Statistiques générales
  • Ce quiz a été pris 104 fois
  • Le résultat moyen est 7 sur 10
Statistiques - réponses
Question Réponse % Correct
En cosmétique, que détruit, d'après son étymologie, une crème dite "dépilatoire" ? poils
93%
Quel classique de fête foraine est dit "enchanté" pour Pollux et ses amis ? manège
91%
Quelle prune, spécialité d'Agen, est surnommée "l'or noir d'Aquitaine" ? pruneau
84%
Quelle tour est "infernale", d'après le titre d'un film du duo Éric et Ramzy ? tour Montparnasse
83%
Quel est le prénom du père de l'actrice Romane Bohringer ? Richard
82%
Quelle ville de l'Aveyron a donné son nom au pont suspendu à haubans le plus haut du monde ? Millau
72%
Quelle est la langue officielle du Soudan du sud ? anglais
69%
Quelle est la capitale de l'Azerbaïdjan ? Bakou
59%
Quel personnage rit et pleure chez Voltaire, et grogne et rit chez la Comtesse de Ségur ? Jean
30%
Comment se prénomme la tortue qui effectue un "voyage extraordinaire", dans le film d'animation de Ben Stassen sorti en 2010 ? Samy
14%
Aucun quiz correspondant
Distribution des résultats
% des personnes avec chaque résultat
Percentile par nombre de réponses
Votre historique - résultats
Vous n’avez pas pris ce quiz